[Event "31st Klatovy A 2025"]
[Site "Klatovy CZE"]
[Date "2025.06.30"]
[Round "3.17"]
[White "Slivova, Linda"]
[Black "Slaby, Matej"]
[Result "0-1"]
[WhiteElo "1862"]
[BlackElo "2056"]
[PlyCount "76"]
[EventDate "2025.06.28"]
[EventType "swiss"]
[EventRounds "9"]
[EventCountry "CZE"]

1. d4 {[%emt 0:00:04]} d5 {[%emt 0:00:10]} 2. Nf3 {[%emt 0:00:07]} Nf6 {[%emt 0:00:07]} 3. Bf4 {[%emt 0:00:10]} e6 {[%emt 0:00:08]} 4. e3 {[%emt 0:00:17]} Bd6 {[%emt 0:00:07]} 5. Ne5 {[%emt 0:00:54]} O-O {[%emt 0:01:38]} 6. Nd2 {[%emt 0:01:41]} c5 {[%emt 0:00:24]} 7. c3 {[%emt 0:00:24]} Nc6 {[%emt 0:00:23]} 8. Bg3 {[%emt 0:01:13]} Qc7 {[%emt 0:04:35]} 9. f4 {[%emt 0:00:16]} Nd7 {[%emt 0:09:16]} 10. Bd3 {[%emt 0:07:11]} f5 {[%emt 0:00:13]} 11. Bh4 {[%emt 0:02:50]} c4 {[%emt 0:03:50]} 12. Bc2 {[%emt 0:01:42]} Ndxe5 {[%emt 0:00:24]} 13. fxe5 {[%emt 0:01:41]} Be7 {[%emt 0:00:06]} 14. Qh5 {[%emt 0:05:06]} b5 {[%emt 0:04:01]} 15. a3 {[%emt 0:02:09]} a5 {[%emt 0:02:13]} 16. Bxe7 {[%emt 0:13:25]} Qxe7 {[%emt 0:00:15]} 17. g4 {[%emt 0:00:35]} Bd7 {[%emt 0:09:45]} 18. gxf5 {[%emt 0:16:03]} exf5 {[%emt 0:00:09]} 19. Nf3 {[%emt 0:01:21]} b4 {[%emt 0:23:16]} 20. a4 {[%emt 0:03:41]} bxc3 {[%emt 0:01:02]} 21. bxc3 {[%emt 0:00:10]} Rab8 {[%emt 0:00:11]} 22. Qg5 {[%emt 0:06:33]} Qxg5 {[%emt 0:04:05]} 23. Nxg5 {[%emt 0:00:44]} h6 {[%emt 0:00:22]} 24. Nf3 {[%emt 0:12:48]} g5 {[%emt 0:00:22]} 25. Rf1 {[%emt 0:00:48]} Rb2 {[%emt 0:03:56]} 26. Kd2 {[%emt 0:00:48]} Ne7 {[%emt 0:01:39]} 27. Ng1 {[%emt 0:10:22]} Rfb8 {[%emt 0:16:04]} 28. Ne2 {[%emt 0:01:34]} Be8 {[%emt 0:04:21]} 29. Kc1 {[%emt 0:05:38]} Bg6 {[%emt 0:00:18]} 30. Rb1 {[%emt 0:03:16]} Rxc2+ {[%emt 0:01:12]} 31. Kxc2 {[%emt 0:00:44]} f4+ {[%emt 0:00:05]} 32. Kd2 {[%emt 0:00:41]} Rxb1 {[%emt 0:00:27]} 33. Rxb1 {[%emt 0:00:32]} Bxb1 {[%emt 0:00:06]} 34. exf4 {[%emt 0:00:04]} Bd3 {[%emt 0:01:07]} 35. Nc1 {[%emt 0:04:27]} gxf4 {[%emt 0:00:09]} 36. Nxd3 {[%emt 0:00:13]} cxd3 {[%emt 0:00:06]} 37. Kxd3 {[%emt 0:00:08]} Kf7 {[%emt 0:00:08]} 38. c4 {[%emt 0:00:16]} Ke6 {[%emt 0:00:47]} 0-1

[Event "31st Klatovy A 2025"]
[Site "Klatovy CZE"]
[Date "2025.06.30"]
[Round "3.18"]
[White "Langmajer, Jan"]
[Black "Martinkovic, Adam"]
[Result "1-0"]
[WhiteElo "1994"]
[BlackElo "1921"]
[PlyCount "99"]
[EventDate "2025.06.28"]
[EventType "swiss"]
[EventRounds "9"]
[EventCountry "CZE"]

1. e4 {[%emt 0:00:03]} c6 {[%emt 0:00:09]} 2. d4 {[%emt 0:00:04]} d5 {[%emt 0:00:05]} 3. exd5 {[%emt 0:00:04]} cxd5 {[%emt 0:00:06]} 4. c4 {[%emt 0:00:05]} Nf6 {[%emt 0:00:06]} 5. Nc3 {[%emt 0:00:09]} Nc6 {[%emt 0:00:04]} 6. Nf3 {[%emt 0:00:06]} Bg4 {[%emt 0:00:07]} 7. cxd5 {[%emt 0:00:15]} Nxd5 {[%emt 0:00:37]} 8. Qb3 {[%emt 0:00:38]} Nb6 {[%emt 0:09:55]} 9. Be3 {[%emt 0:21:34]} e6 {[%emt 0:02:58]} 10. Ne5 {[%emt 0:06:27]} Bh5 {[%emt 0:07:03]} 11. Bb5 {[%emt 0:05:15]} Rc8 {[%emt 0:02:03]} 12. g4 {[%emt 0:08:16]} Bg6 {[%emt 0:01:00]} 13. h4 {[%emt 0:05:12]} f6 {[%emt 0:22:50]} 14. Nxc6 {[%emt 0:02:38]} bxc6 {[%emt 0:00:20]} 15. Qxe6+ {[%emt 0:00:25]} Be7 {[%emt 0:00:46]} 16. Bxc6+ {[%emt 0:02:14]} Kf8 {[%emt 0:00:09]} 17. d5 {[%emt 0:13:01]} Bb4 {[%emt 0:04:04]} 18. O-O {[%emt 0:09:51]} Bf7 {[%emt 0:02:10]} 19. Bxb6 {[%emt 0:03:03]} axb6 {[%emt 0:00:45]} 20. Qe4 {[%emt 0:02:00]} Bc5 {[%emt 0:01:57]} 21. b4 {[%emt 0:02:11]} Bd6 {[%emt 0:00:23]} 22. Nb5 {[%emt 0:01:50]} Be5 {[%emt 0:00:19]} 23. Rad1 {[%emt 0:04:37]} g6 {[%emt 0:00:52]} 24. f4 {[%emt 0:01:32]} Bd6 {[%emt 0:00:44]} 25. g5 {[%emt 0:03:48]} Kg7 {[%emt 0:01:38]} 26. Nxd6 {[%emt 0:02:02]} Qxd6 {[%emt 0:00:13]} 27. Qd4 {[%emt 0:00:22]} h6 {[%emt 0:01:49]} 28. Qxf6+ {[%emt 0:00:35]} Qxf6 {[%emt 0:00:07]} 29. gxf6+ {[%emt 0:00:03]} Kxf6 {[%emt 0:00:10]} 30. Kg2 {[%emt 0:01:21]} Rhd8 {[%emt 0:01:46]} 31. b5 {[%emt 0:02:06]} Rd6 {[%emt 0:00:28]} 32. Rd4 {[%emt 0:00:10]} Rc7 {[%emt 0:00:25]} 33. Re1 {[%emt 0:04:05]} Ra7 {[%emt 0:00:51]} 34. a4 {[%emt 0:00:20]} Kg7 {[%emt 0:00:54]} 35. Re5 {[%emt 0:03:01]} Kf6 {[%emt 0:00:59]} 36. Kf2 {[%emt 0:01:21]} Ra5 {[%emt 0:00:47]} 37. Ke3 {[%emt 0:01:17]} Ra7 {[%emt 0:00:12]} 38. Ke4 {[%emt 0:01:47]} Rc7 {[%emt 0:00:52]} 39. a5 {[%emt 0:01:22]} bxa5 {[%emt 0:00:28]} 40. b6 {[%emt 0:00:11]} Rc8 {[%emt 0:00:07]} 41. b7 {[%emt 0:00:24]} Rb8 {[%emt 0:00:13]} 42. Ra4 {[%emt 0:00:23]} Rdd8 {[%emt 0:00:37]} 43. Rxa5 {[%emt 0:00:06]} Rd6 {[%emt 0:00:51]} 44. Ra8 {[%emt 0:00:25]} Rdd8 {[%emt 0:00:05]} 45. Rxb8 {[%emt 0:00:12]} Rxb8 {[%emt 0:00:06]} 46. Kd4 {[%emt 0:00:20]} Rd8 {[%emt 0:00:42]} 47. Kc5 {[%emt 0:00:13]} g5 {[%emt 0:00:40]} 48. hxg5+ {[%emt 0:00:09]} hxg5 {[%emt 0:00:07]} 49. Rxg5 {[%emt 0:01:59]} Be8 {[%emt 0:00:01]} 50. Kb6 {[%emt 0:00:34]} 1-0

[Event "31st Klatovy A 2025"]
[Site "Klatovy CZE"]
[Date "2025.06.30"]
[Round "3.19"]
[White "Rudlof, Adam"]
[Black "Sadil, Antonin"]
[Result "0-1"]
[WhiteElo "1992"]
[BlackElo "1907"]
[PlyCount "74"]
[EventDate "2025.06.28"]
[EventType "swiss"]
[EventRounds "9"]
[EventCountry "CZE"]

1. e4 c5 2. Nf3 e6 3. d4 cxd4 4. Nxd4 a6 5. Bd3 Bc5 6. Nb3 Ba7 7. Nc3 Ne7 8. O-O Nbc6 9. Re1 Qc7 10. Be3 d6 11. Bxa7 Nxa7 12. f4 Nac6 13. Qf3 Bd7 14. Rad1 O-O-O 15. Qf2 h5 16. Bf1 h4 17. Re3 h3 18. g3 g5 19. Red3 gxf4 20. gxf4 Rdg8+ 21. Kh1 d5 22. Rxh3 Rxh3 23. Bxh3 Ng6 24. Rf1 dxe4 25. Nxe4 Nce7 26. Nbc5 Bc6 27. Bg2 Nf5 28. Ng3 Ngh4 29. Be4 Nd6 30. Re1 Nxe4 31. Ngxe4 Ng6 32. f5 Nf4 33. fxe6 f5 34. Rf1 fxe4 35. Qe3 Qg7 36. Qg3 e3+ 37. Kg1 Ne2# 0-1

[Event "31st Klatovy A 2025"]
[Site "Klatovy CZE"]
[Date "2025.06.30"]
[Round "3.20"]
[White "Verner, Matej"]
[Black "Kocman, Patrik"]
[Result "0-1"]
[WhiteElo "2143"]
[BlackElo "1836"]
[PlyCount "140"]
[EventDate "2025.06.28"]
[EventType "swiss"]
[EventRounds "9"]
[EventCountry "CZE"]

1. e4 c6 2. d4 d5 3. exd5 cxd5 4. Bd3 Nc6 5. c3 Qc7 6. Na3 a6 7. Nc2 e5 8. dxe5 Nxe5 9. Nf3 Bd6 10. Bg5 Ne7 11. Bxe7 Qxe7 12. Nxe5 Bxe5 13. O-O Be6 14. Re1 Bc7 15. Nd4 Qd6 16. Qa4+ Kf8 17. g3 Re8 18. Nf5 Qc5 19. Rad1 g6 20. Ne3 Kg7 21. Bf1 Rd8 22. Qd4+ Qxd4 23. Rxd4 Bb6 24. Rb4 Rd6 25. Rd1 Rhd8 26. Bg2 d4 27. cxd4 Bxd4 28. a3 b6 29. Kf1 Bc5 30. Rxd6 Rxd6 31. Re4 f5 32. Ra4 b5 33. Rf4 Rd2 34. b4 Bxe3 35. fxe3 Rd3 36. e4 Rxa3 37. exf5 Bxf5 38. Bc6 Bd3+ 39. Kf2 Bc4 40. g4 a5 41. bxa5 Rxa5 42. g5 Ra7 43. Ke3 Rc7 44. Be4 b4 45. Kd4 b3 46. Rf2 Bf7 47. h4 Rc4+ 48. Kd3 Rb4 49. Rb2 Kf8 50. h5 gxh5 51. Bxh7 Kg7 52. Bf5 Bg6 53. Bxg6 Kxg6 54. Kc3 Rb5 55. Kc4 Rb6 56. Kc3 Kxg5 57. Rg2+ Kf4 58. Kb2 Rb5 59. Rd2 h4 60. Rd4+ Kg5 61. Rd1 Kg4 62. Rd4+ Kg3 63. Rd3+ Kf2 64. Rd2+ Ke3 65. Rd8 Rb4 66. Rh8 Rf4 67. Rb8 Kf2 68. Kxb3 h3 69. Rh8 Kg3 70. Kc3 h2 0-1

[Event "31st Klatovy A 2025"]
[Site "Klatovy CZE"]
[Date "2025.06.30"]
[Round "3.21"]
[White "Rezac, Jindrich"]
[Black "Strnad, Jakub"]
[Result "1/2-1/2"]
[WhiteElo "1849"]
[BlackElo "1993"]
[PlyCount "70"]
[EventDate "2025.06.28"]
[EventType "swiss"]
[EventRounds "9"]
[EventCountry "CZE"]

1. d4 d5 2. c4 e6 3. a3 Nf6 4. Nf3 Nbd7 5. e3 g6 6. Nc3 c6 7. Bd3 Qc7 8. h3 Bg7 9. O-O O-O 10. Re1 dxc4 11. Bxc4 e5 12. Qc2 exd4 13. exd4 Nb6 14. Bf1 Bf5 15. Bd3 Bxd3 16. Qxd3 Rfe8 17. Bg5 Nfd5 18. Nxd5 Nxd5 19. Qd2 f6 20. Bh4 Qb6 21. Rxe8+ Rxe8 22. Re1 Rxe1+ 23. Qxe1 Kf7 24. Qd2 Qb3 25. Bg3 Bf8 26. Ne1 Qa2 27. Qc2 Nb6 28. Bf4 Nc4 29. Bc1 Na5 30. Qc3 Qd5 31. Nf3 Nc4 32. Qb3 b5 33. Qc3 Qe4 34. Kf1 Bd6 35. Nd2 Nxd2+ 1/2-1/2

[Event "31st Klatovy A 2025"]
[Site "Klatovy CZE"]
[Date "2025.06.30"]
[Round "3.22"]
[White "Hurtak, Otto"]
[Black "Bobrakov Timoskin, Alexandr 1978"]
[Result "1/2-1/2"]
[WhiteElo "1931"]
[BlackElo "1868"]
[PlyCount "41"]
[EventDate "2025.06.28"]
[EventType "swiss"]
[EventRounds "9"]
[EventCountry "CZE"]

1. c4 e6 2. Nc3 d5 3. e3 f5 4. b3 Nf6 5. Bb2 c6 6. g3 Be7 7. Bg2 O-O 8. d4 Nbd7 9. Nge2 Ne4 10. O-O Ndf6 11. f3 Nxc3 12. Nxc3 b6 13. cxd5 Nxd5 14. Nxd5 exd5 15. Rc1 Ba6 16. Rf2 Rc8 17. Rfc2 Qe8 18. Bf1 Bxf1 19. Qxf1 Bg5 20. f4 Bf6 21. Qd3 1/2-1/2

[Event "31st Klatovy A 2025"]
[Site "Klatovy CZE"]
[Date "2025.06.30"]
[Round "3.23"]
[White "Lieber, Lukas"]
[Black "Gernert, Tomas"]
[Result "0-1"]
[WhiteElo "1925"]
[BlackElo "1794"]
[PlyCount "108"]
[EventDate "2025.06.28"]
[EventType "swiss"]
[EventRounds "9"]
[EventCountry "CZE"]

1. e4 c5 2. Nc3 Nc6 3. Bb5 e6 4. Bxc6 bxc6 5. f4 d5 6. Nf3 Bd6 7. d4 Ba6 8. Be3 Qb6 9. e5 Be7 10. Na4 Qa5+ 11. c3 Rb8 12. Rb1 Nh6 13. a3 O-O 14. Nxc5 Bxc5 15. dxc5 Nf5 16. Bf2 d4 17. Nxd4 Rfd8 18. g4 Nxd4 19. Bxd4 Rd5 20. Kf2 Rbd8 21. a4 R8d7 22. b4 Qd8 23. b5 Bb7 24. Qf3 cxb5 25. Qe3 Rxd4 26. cxd4 Bxh1 27. Rxh1 Rxd4 28. Rb1 Rd3 29. Qe4 Rd2+ 30. Kf1 Rd4 31. Qb7 Rxf4+ 32. Ke2 Rxa4 33. Rxb5 g5 34. Qb8 Ra2+ 35. Ke1 Qxb8 36. Rxb8+ Kg7 37. Kd1 Ra4 38. Rb5 Rxg4 39. Kc2 Rc4+ 40. Kb3 Rc1 41. Kb4 h5 42. Ra5 g4 43. Kb5 Rb1+ 44. Kc6 Rb2 45. Kd7 Rxh2 46. c6 Rd2+ 47. Kc8 Rc2 48. c7 Kg6 49. Kb7 h4 50. c8=Q Rxc8 51. Kxc8 g3 52. Ra4 Kg5 53. Rxa7 h3 54. Rxf7 h2 0-1

[Event "31st Klatovy A 2025"]
[Site "Klatovy CZE"]
[Date "2025.06.30"]
[Round "3.24"]
[White "Petrasek, Jiri"]
[Black "Mojzisova, Barbora"]
[Result "1-0"]
[WhiteElo "1919"]
[BlackElo "1757"]
[PlyCount "141"]
[EventDate "2025.06.28"]
[EventType "swiss"]
[EventRounds "9"]
[EventCountry "CZE"]

1. e4 c6 2. d4 d5 3. e5 c5 4. dxc5 e6 5. a3 Bxc5 6. b4 Bb6 7. Qg4 Ne7 8. Nf3 Ng6 9. Bd3 Nd7 10. Bb2 Bc7 11. O-O b6 12. Re1 Bb7 13. Bd4 Nb8 14. Nbd2 Nc6 15. c3 Nce7 16. Rad1 Qc8 17. a4 a6 18. Rc1 Qd8 19. Ng5 h6 20. Nxe6 Bc8 21. Nxc7+ Qxc7 22. Qg3 Be6 23. Qe3 Nc6 24. Bxg6 fxg6 25. Bxb6 Qf7 26. Bc5 Ne7 27. Bxe7 Qxe7 28. Nf3 O-O 29. Nd4 Bd7 30. e6 Bxa4 31. Ra1 Bb5 32. Nxb5 axb5 33. h3 Rxa1 34. Rxa1 Re8 35. Re1 Qf6 36. Kf1 Rc8 37. e7 Re8 38. Qc5 Qf5 39. Qxb5 Kf7 40. Qe2 Qf6 41. Qe3 Qa6+ 42. Qe2 Qf6 43. Qd3 Qd6 44. Qd4 Qa6+ 45. Kg1 Qd6 46. c4 Rxe7 47. Rxe7+ Kxe7 48. Qxg7+ Kd8 49. c5 Qf4 50. Qc3 d4 51. Qc2 Ke7 52. Kf1 g5 53. b5 d3 54. Qxd3 Qc1+ 55. Ke2 Qxc5 56. Qh7+ Kd8 57. Qg8+ Kc7 58. Qg7+ Kc8 59. Qb2 Qc4+ 60. Ke1 Qe6+ 61. Qe2 Qd6 62. Qc4+ Kb7 63. g3 Qd7 64. Qe4+ Kb8 65. Qc6 Qe7+ 66. Kf1 Qg7 67. b6 Qa1+ 68. Kg2 Qg7 69. b7 Qxb7 70. Qxb7+ Kxb7 71. Kf3 1-0

[Event "31st Klatovy A 2025"]
[Site "Klatovy CZE"]
[Date "2025.06.30"]
[Round "3.25"]
[White "Lhotsky, Zdenek"]
[Black "Hrckova, Anna"]
[Result "1-0"]
[WhiteElo "1907"]
[BlackElo "1728"]
[PlyCount "56"]
[EventDate "2025.06.28"]
[EventType "swiss"]
[EventRounds "9"]
[EventCountry "CZE"]

1. e4 e6 2. d4 d5 3. Nd2 c5 4. Ngf3 Nc6 5. c3 Nf6 6. e5 Nd7 7. Bd3 Qb6 8. O-O cxd4 9. cxd4 Nxd4 10. Nxd4 Qxd4 11. Nf3 Qb6 12. Re1 Bc5 13. Qe2 Nf8 14. a3 a5 15. Bd2 Ng6 16. b4 axb4 17. axb4 Rxa1 18. Rxa1 Bd4 19. Bb5+ Kd8 20. Rc1 Bxf2+ 21. Qxf2 Qxb5 22. Bg5+ Ne7 23. Qh4 Re8 24. Bxe7+ Kd7 25. Bd6 Qb6+ 26. Kh1 g5 27. Qxh7 Qc6 28. Qxf7+ Kd8 1-0

[Event "31st Klatovy A 2025"]
[Site "Klatovy CZE"]
[Date "2025.06.30"]
[Round "3.26"]
[White "Slansky, Jachym"]
[Black "Hronik, Petr 1980"]
[Result "0-1"]
[WhiteElo "1878"]
[BlackElo "1905"]
[PlyCount "73"]
[EventDate "2025.06.28"]
[EventType "swiss"]
[EventRounds "9"]
[EventCountry "CZE"]

1. e4 d5 2. exd5 Nf6 3. h3 Nxd5 4. d4 c6 5. c4 Nf6 6. Nf3 Bf5 7. Nc3 e6 8. a3 Be7 9. Be3 h6 10. Be2 Ne4 11. O-O Nd7 12. Nxe4 Bxe4 13. Nd2 Bg6 14. b4 O-O 15. Bf3 Qc7 16. Qb3 f5 17. d5 Bf7 18. Rfd1 Ne5 19. Rac1 Nxf3+ 20. Nxf3 e5 21. Qa4 Be8 22. b5 c5 23. Rb1 b6 24. Qb3 e4 25. Nh2 Bd6 26. Nf1 f4 27. Bd2 Bg6 28. Ra1 Qd7 29. Ra2 f3 30. g4 h5 31. Nh2 Qc7 32. Nf1 hxg4 33. Be3 gxh3 34. Rad2 h2+ 35. Kh1 Qd7 36. Qb2 Qh3 37. Ng3 0-1

[Event "31st Klatovy A 2025"]
[Site "Klatovy CZE"]
[Date "2025.06.30"]
[Round "3.27"]
[White "Bubela, Alexander Georg"]
[Black "Mrazik, Marek"]
[Result "1-0"]
[WhiteElo "1806"]
[BlackElo "1854"]
[PlyCount "91"]
[EventDate "2025.06.28"]
[EventType "swiss"]
[EventRounds "9"]
[EventCountry "CZE"]

1. d4 Nf6 2. c4 c5 3. d5 b5 4. cxb5 a6 5. bxa6 Bxa6 6. Nc3 d6 7. Nf3 g6 8. e4 Bxf1 9. Kxf1 Bg7 10. g3 Nbd7 11. Kg2 O-O 12. Qe2 Ra7 13. a4 Qa8 14. Ra3 Ng4 15. Bd2 Bxc3 16. Bxc3 Rxa4 17. Rha1 Rxa3 18. Rxa3 Qb7 19. Nd2 Ngf6 20. Nc4 Ra8 21. Na5 Qc7 22. Nc6 Rxa3 23. bxa3 Nb8 24. Bxf6 exf6 25. Qb5 Nxc6 26. dxc6 d5 27. exd5 Qe5 28. Qc4 f5 29. f4 Qe7 30. Kf2 h5 31. Qe2 Qd8 32. Qe5 Qa5 33. Qe3 Qb6 34. Qe8+ Kg7 35. Qe5+ Kh7 36. c7 Qb7 37. d6 Qh1 38. c8=Q Qxh2+ 39. Ke3 Qxg3+ 40. Kd2 Qf2+ 41. Kc3 Qf3+ 42. Kc2 Qf2+ 43. Kb3 c4+ 44. Qxc4 Qf3+ 45. Kb4 Qb7+ 46. Qeb5 1-0

[Event "31st Klatovy A 2025"]
[Site "Klatovy CZE"]
[Date "2025.06.30"]
[Round "3.28"]
[White "Vo, Daniel"]
[Black "Paldus, Jan"]
[Result "1/2-1/2"]
[WhiteElo "1834"]
[BlackElo "1761"]
[PlyCount "98"]
[EventDate "2025.06.28"]
[EventType "swiss"]
[EventRounds "9"]
[EventCountry "CZE"]

1. e4 d6 2. d4 Nf6 3. Nc3 c6 4. Be2 Qc7 5. a4 e5 6. Nf3 Be7 7. O-O O-O 8. h3 h6 9. Be3 Be6 10. Qd2 Nbd7 11. a5 b5 12. d5 b4 13. Nb5 cxb5 14. dxe6 fxe6 15. Qxb4 a6 16. c4 bxc4 17. Qxc4 Qxc4 18. Bxc4 d5 19. exd5 exd5 20. Ba2 Kh8 21. Rfe1 Bb4 22. Bd2 Bxd2 23. Nxd2 Rab8 24. b3 g5 25. Nf3 Rfe8 26. Rac1 Rb5 27. Bb1 e4 28. Nd4 Rxa5 29. Rc6 Kg7 30. Ne6+ Kf7 31. Nc7 Rb8 32. Bc2 Rc5 33. Rxc5 Nxc5 34. Rd1 Rd8 35. b4 Rd7 36. Nxd5 Nd3 37. Nc3 Rc7 38. Bxd3 exd3 39. Rxd3 Rc4 40. b5 axb5 41. Nxb5 Rc1+ 42. Kh2 Rc2 43. Rf3 Kg6 44. Nd4 Rd2 45. Nb3 Rb2 46. Nc5 Rc2 47. Nd3 Rd2 48. Ne5+ Kg7 49. Nc6 Ne4 1/2-1/2

[Event "31st Klatovy A 2025"]
[Site "Klatovy CZE"]
[Date "2025.06.30"]
[Round "3.29"]
[White "Feierfeil, Jiri"]
[Black "Chmelik, Ladislav"]
[Result "1/2-1/2"]
[WhiteElo "1738"]
[BlackElo "1816"]
[PlyCount "143"]
[EventDate "2025.06.28"]
[EventType "swiss"]
[EventRounds "9"]
[EventCountry "CZE"]

1. d4 d5 2. Nf3 Nf6 3. e3 c5 4. c3 Nc6 5. Be2 e6 6. O-O Bd6 7. Nbd2 O-O 8. Re1 e5 9. dxe5 Nxe5 10. Nxe5 Bxe5 11. Nf3 Bc7 12. b3 Bg4 13. Bb2 Qd6 14. g3 Ne4 15. Nd2 Bf5 16. Bf3 Ng5 17. Bg4 Be6 18. f4 f5 19. Be2 Ne4 20. Bf3 Rad8 21. Kg2 b5 22. Qe2 c4 23. Red1 Qe7 24. h4 Bb6 25. b4 Bf7 26. a4 a6 27. axb5 axb5 28. Ra6 Rd6 29. Rda1 Nxd2 30. Qxd2 Bxe3 31. Qd1 Qf6 32. R6a5 Rb8 33. Ra8 Qd8 34. Rxb8 Qxb8 35. Qe2 Bb6 36. Qc2 Qc8 37. Bc1 Rd8 38. Bd2 Re8 39. Be1 d4 40. Ra8 Qd7 41. Rxe8+ Bxe8 42. cxd4 Bxd4 43. Bd2 g6 44. Kh3 Qd6 45. Qc1 Bc6 46. Be2 Qd5 47. Qf1 c3 48. Bc1 Bf6 49. Bd3 Be7 50. Ba3 Kg7 51. Be2 Kf6 52. Bd3 Bd6 53. Be2 Qa2 54. Bc1 Bxb4 55. Bxb5 Qd5 56. Bc4 Qe4 57. Bd3 Qh1+ 58. Qxh1 Bxh1 59. Kh2 Bd5 60. Kg1 Ke6 61. Kf2 Kd6 62. h5 Kc6 63. hxg6 hxg6 64. Ke2 Bb3 65. Ba6 Bc2 66. Bc4 Bd6 67. Be3 Be4 68. Bf7 Ba3 69. Bxg6 c2 70. g4 c1=Q 71. Bxc1 Bxc1 72. Bxf5 1/2-1/2

[Event "31st Klatovy A 2025"]
[Site "Klatovy CZE"]
[Date "2025.07.01"]
[Round "4.1"]
[White "Slovak, Kilian"]
[Black "Horak, Martin"]
[Result "1-0"]
[WhiteElo "2349"]
[BlackElo "2324"]
[PlyCount "57"]
[EventDate "2025.06.28"]
[EventType "swiss"]
[EventRounds "9"]
[EventCountry "CZE"]

1. e4 {[%emt 0:00:02]} c5 {[%emt 0:00:05]} 2. c3 {[%emt 0:00:07]} e5 {[%emt 0:00:19]} 3. Nf3 {[%emt 0:01:25]} Nc6 {[%emt 0:00:06]} 4. Bb5 {[%emt 0:03:08]} Bd6 {[%emt 0:03:28]} 5. Bxc6 {[%emt 0:09:21]} dxc6 {[%emt 0:00:08]} 6. d3 {[%emt 0:00:05]} Ne7 {[%emt 0:01:22]} 7. O-O {[%emt 0:04:19]} Ng6 {[%emt 0:01:01]} 8. Be3 {[%emt 0:01:11]} O-O {[%emt 0:01:05]} 9. Nbd2 {[%emt 0:00:56]} Qe7 {[%emt 0:00:18]} 10. a4 {[%emt 0:01:50]} b5 {[%emt 0:15:50]} 11. Re1 {[%emt 0:10:04]} h6 {[%emt 0:07:03]} 12. d4 {[%emt 0:09:53]} cxd4 {[%emt 0:25:16]} 13. cxd4 {[%emt 0:01:02]} a6 {[%emt 0:03:19]} 14. Qc2 {[%emt 0:01:55]} Rd8 {[%emt 0:21:22]} 15. Qxc6 {[%emt 0:07:10]} Bb7 {[%emt 0:00:58]} 16. Qc2 {[%emt 0:01:42]} Rac8 {[%emt 0:01:02]} 17. Qb3 {[%emt 0:02:23]} exd4 {[%emt 0:01:18]} 18. Bxd4 {[%emt 0:04:22]} Bb4 {[%emt 0:01:15]} 19. Bc3 {[%emt 0:03:16]} Bxc3 {[%emt 0:01:17]} 20. bxc3 {[%emt 0:01:33]} Rd3 {[%emt 0:00:28]} 21. axb5 {[%emt 0:02:28]} Rcxc3 {[%emt 0:05:01]} 22. Qb2 {[%emt 0:05:02]} axb5 {[%emt 0:01:29]} 23. Qxb5 {[%emt 0:02:44]} Bc6 {[%emt 0:04:06]} 24. Qb8+ {[%emt 0:03:33]} Kh7 {[%emt 0:03:30]} 25. Ra5 {[%emt 0:22:14]} Rc2 {[%emt 0:05:31]} 26. Nf1 {[%emt 0:03:08]} Nh4 {[%emt 0:07:15]} 27. Nxh4 {[%emt 0:06:23]} Qxh4 {[%emt 0:00:07]} 28. Ng3 {[%emt 0:06:23]} Bxe4 {[%emt 0:05:29]} 29. Qb4 {[%emt 0:02:45]} 1-0

[Event "31st Klatovy A 2025"]
[Site "Klatovy CZE"]
[Date "2025.07.01"]
[Round "4.2"]
[White "Simet, Martin"]
[Black "Straka, Vojtech"]
[Result "0-1"]
[WhiteElo "2151"]
[BlackElo "2425"]
[PlyCount "60"]
[EventDate "2025.06.28"]
[EventType "swiss"]
[EventRounds "9"]
[EventCountry "CZE"]

1. e4 {[%emt 0:00:10]} c5 {[%emt 0:00:08]} 2. c3 {[%emt 0:00:31]} Nf6 {[%emt 0:02:00]} 3. e5 {[%emt 0:00:46]} Nd5 {[%emt 0:00:03]} 4. d4 {[%emt 0:08:49]} cxd4 {[%emt 0:02:04]} 5. Nf3 {[%emt 0:11:10]} e6 {[%emt 0:00:49]} 6. cxd4 {[%emt 0:04:44]} b6 {[%emt 0:14:50]} 7. Bd3 {[%emt 0:21:55]} Be7 {[%emt 0:06:13]} 8. Nc3 {[%emt 0:02:20]} Nxc3 {[%emt 0:04:04]} 9. bxc3 {[%emt 0:00:02]} Bb7 {[%emt 0:00:21]} 10. h4 {[%emt 0:06:52]} h6 {[%emt 0:07:12]} 11. Rh3 Qc7 {[%emt 0:19:03]} 12. Bd2 Nc6 {[%emt 0:26:54]} 13. Qe2 O-O-O 14. Rb1 d6 15. exd6 Bxd6 16. c4 Bf4 17. Bxf4 Qxf4 18. c5 Nxd4 19. Nxd4 Rxd4 20. cxb6 axb6 21. Ba6 Re4 22. Re3 Rxe3 23. fxe3 Qxh4+ 24. Kd2 Rd8+ 25. Kc1 Rd6 26. Bxb7+ Kxb7 27. Qf3+ {[%emt 1:24:58]} Rc6+ {[%emt 0:00:15]} 28. Kd2 {[%emt 0:00:05]} f5 {[%emt 0:00:49]} 29. Rc1 {[%emt 0:00:56]} Qb4+ {[%emt 0:00:39]} 30. Kd1 {[%emt 0:00:34]} Qg4 {[%emt 0:01:21]} 0-1